1968 [i.e. Mil novecientos sesenta y ocho] : análisis y testimonios : los días y los años /

El programa Nexos TV presentó en agosto y septiembre de 1993 una serie de seis emisiones dedicadas al Movimiento Estudiantil de 1968, bajo el título común de 1968. Cinco de estos seis programas fueron retransmitidos en 1998, con un nuevo título: 1968: análisis y testimonios. Transmitido el 1 de agos...

Deskribapen osoa

Gorde:
Xehetasun bibliografikoak
Egile nagusia: Cordera Campos, Rolando (dir. general)
Beste egile batzuk: Sánchez Rebolledo, Adolfo (coordinación) (coordinación), Gutiérrez, Marcela (producción) (producción), Galván, Ana (guión) (guión), Aguilar Camín, Héctor (asesoría) (asesoría)
Formatua: Diapositiba
Hizkuntza:gaztelania
Argitaratua: México : Televisión Azteca, 1998, c1998
Saila:(Nexos TV ; 482)
Gaiak:
Etiketak: Etiketa erantsi
Etiketarik gabe, Izan zaitez lehena erregistro honi etiketa jartzen!

MARC

LEADER 00000ngm^a2200000^a^4500
001 000275775
005 20250521000000.0
009 20260310111242.124
037 |a Acervo ITESO - Biblioteca 
041 |a ESP 
082 |a 320. 972  |b NEX V. 482 
100 |a Cordera Campos, Rolando  |e (dir. general) 
240 1 1 |a [Nexos TV] 
240 1 1 |a [1968 (i.e. Mil novecientos sesenta y ocho)] 
240 1 1 |a [1968 (i.e. Mil novecientos sesenta y ocho): los días y los años] 
240 1 1 |a [1968 (i.e. Mil novecientos sesenta y ocho): análisis y testimonios] 
245 1 0 |a 1968 [i.e. Mil novecientos sesenta y ocho] :  |b análisis y testimonios : los días y los años /  |c Dir. general de R. Cordera Campos. 
246 2 |a Título en la pantalla: 1968: los días y los años 
264 4 |a México :  |b Televisión Azteca,  |c 1998, c1998 
300 |a 1 videocasete VHS  |c (48 min.) 
336 |a imagen móvil bidimensional  |b tdi  |2 rdacontenido 
337 |a video  |b v  |2 rdamedio 
338 |a videocasete  |b vf  |2 rdasoporte 
440 1 |a (Nexos TV ;  |v 482) 
520 |a El programa Nexos TV presentó en agosto y septiembre de 1993 una serie de seis emisiones dedicadas al Movimiento Estudiantil de 1968, bajo el título común de 1968. Cinco de estos seis programas fueron retransmitidos en 1998, con un nuevo título: 1968: análisis y testimonios. Transmitido el 1 de agosto de 1993 y retransmitido el 11 de junio de 1998, el programa subtitulado Los días y los años toma su nombre de un libro de Luis González de Alba, uno de los líderes del Movimiento. El programa recoge testimonios de dirigentes estudiantiles, funcionarios universitarios y personajes políticos: Raúl Alvarez Garín, Julián Andrade, Selma Beraud, Socrates Amado Campos Lemus, Heberto Castillo, Luis Tomás Cervantes Cabeza de Vaca, Daniela Cremoux, José Luis Cuevas, Enrique Díaz Michel, Roberto Escudero, Pablo Gómez, Luis González de Alba, Gilberto Guevara Niebla, Enrique Leff, Alfonso Martínez Domínguez, Fabrizio Mejía, Marcelino Perelló, Enrique Rubio, Eduardo Valle Espinosa y José Valle Espinosa. 
649 |a XX 
650 |a Programas de Opinión y Debate 
650 |a Debates y el Arte de Discutir 
650 |a Movimiento Estudiantil de 1968 -  |x Tema Principal 
650 |a Movimientos Estudiantiles -  |z México (Ciudad) -  |x Historia 
650 |a Movimientos Estudiantiles -  |z México -  |x Historia 
650 |a Movimientos Sociales -  |z México (Ciudad) -  |x Historia 
650 |a Movimientos Sociales -  |z México -  |x Historia 
650 |a Educación y Política -  |z México (Ciudad) -  |x Historia -  |y 1964-1970 
650 |a Educación y Política -  |z México (Ciudad) -  |x Historia -  |y Siglo XX 
650 |a Educación y Política -  |z México -  |x Historia -  |y 1964-1970 
650 |a Educación y Política -  |z México -  |x Historia -  |y Siglo XX 
650 |a Educación Superior -  |z México (Ciudad) -  |x Historia -  |y 1964-1970 
650 |a Educación Superior -  |z México (Ciudad) -  |x Historia -  |y Siglo XX 
650 |a Educación Superior -  |z México -  |x Historia -  |y 1964-1970 
650 |a Educación Superior -  |z México -  |x Historia -  |y Siglo XX 
650 |a Educación Pública -  |z México (Ciudad) -  |x Historia -  |y 1964-1970 
650 |a Educación Pública -  |z México (Ciudad) -  |x Historia -  |y Siglo XX 
650 |a Educación Pública -  |z México -  |x Historia -  |y 1964-1970 
650 |a Educación Pública -  |z México -  |x Historia -  |y Siglo XX 
650 |a Política -  |z México -  |x Historia -  |y 1964-1970 
650 |a Política -  |z México -  |x Historia -  |y Siglo XX 
700 |a Sánchez Rebolledo, Adolfo  |e (coordinación) 
700 |a Gutiérrez, Marcela  |e (producción) 
700 |a Galván, Ana  |e (guión) 
700 |a Aguilar Camín, Héctor  |e (asesoría) 
910 |a Fondo General 
920 |a Audiovisuales - Videocasetes 
905 |a 301 
901 |a 0500049276  |b IT2  |c VIS  |u 20250521 
902 |a https://opac.biblio.iteso.mx/vufind/Record/000275775